GETS Theological Seminary Library

Augustine on evil (Record no. 33292)

MARC details
000 -LEADER
fixed length control field 00482nam a2200169Ia 4500
008 - FIXED-LENGTH DATA ELEMENTS--GENERAL INFORMATION
fixed length control field 201221s9999||||xx |||||||||||||| ||und||
020 ## - INTERNATIONAL STANDARD BOOK NUMBER
International Standard Book Number 052139743X
020 ## - INTERNATIONAL STANDARD BOOK NUMBER
International Standard Book Number 9780521397438
041 ## - LANGUAGE CODE
Language code of text/sound track or separate title eng
050 ## - LIBRARY OF CONGRESS CALL NUMBER
Classification number BJ1401
Item number .E77 1993
100 ## - MAIN ENTRY--PERSONAL NAME
Personal name Evans, G. R.
245 #0 - TITLE STATEMENT
Title Augustine on evil
Remainder of title /
Statement of responsibility, etc. G. R. Evans
260 ## - PUBLICATION, DISTRIBUTION, ETC.
Place of publication, distribution, etc. Cambridge :
Name of publisher, distributor, etc. University Press,
300 ## - PHYSICAL DESCRIPTION
Extent xiv, 198 p.
Other physical details ;
Dimensions 22 cm.
650 ## - SUBJECT ADDED ENTRY--TOPICAL TERM
Topical term or geographic name entry element Agustín, -- Santo, Obispo de Hipona, -- 354-430 -- Pecado.
Holdings
Withdrawn status Lost status Damaged status Not for loan Home library Current library Shelving location Date acquired Total Checkouts Full call number Barcode Date last seen Price effective from Koha item type
        GETS Theological Seminary Library GETS Theological Seminary Library General Stacks 12/21/2020   BJ1401 .E77 1993 00021097 12/21/2020 12/21/2020 English Books
OpacCredits

Contact the Librarian, GETS Library
Email: library@mygets.org









Implemented by GETS Library
(Powered by ETCA Professional Group)
GETS Theological Seminary
412 E. Rowland Street, CA 91723